000 00890nac a22002411u 4500
010 _a 90043515
020 _a0137425864
082 0 0 _a658.72
_bPUR
090 _c9393
_d9393
100 _a20080729
245 0 0 _aPurchasing :
_bprinciples and applications /
_cStuart Heinritz ... [et al.].
250 _a8th ed.
260 _aEnglewood Cliffs, N.J. :
_bPrentice Hall,1991
_c1991.
300 _axii, 580 p. :
_bill. ;
_c24 cm.
500 _aRev. ed. of: Purchasing / Stuart F. Heinritz. 6th ed. c1981.
500 _adistributer: Al-Ahram
504 _aIncludes bibliographical references ( p. 573) and index.
511 _acatalogued by: wessam
650 0 _aPurchasing.
700 1 _aHeinritz, Stuart F.
942 _cBB
_k658.72PUR
999 _c9393
_d9393